Statistiques concernant Ils sont nés un 22 juin

Cliquez ici pour prendre le quiz!

Statistiques générales

  • Ce quiz a été pris 47 fois
  • Le résultat moyen est 4 sur 10

Statistiques - réponses

Réponse% Correct
Jacques Martin
89%
Nicola Sirkis
61%
Dan Brown
59%
Meryl Streep
48%
Cyndi Lauper
43%
Emmanuelle Seigner
36%
John Dillinger
23%
Billy Wilder
18%
Stephen Chow
11%
Véronika Loubry
5%

Distribution des résultats

Percentile par nombre de réponses

% des personnes avec chaque résultat

Votre développement - résultats

Vous n’avez pas pris ce quiz